000 00558nam a2200193Ia 4500
003 GCL
008 140319s9999 xx 000 0 eng d
040 _aGCL /
_cGCL
082 0 4 _a327.565
_bE F
100 1 _aEHTESHAMI, ANOUSHIRAVAN
245 1 0 _aFROM THE GULF TO CENTRAL ASIA: PLAYERS IN THE NEW GREAT GAME /
_cEHTESHAMI, ANOUSHIRAVAN
260 _a[S.N] :
_bUNIVERSITY OF EXETER PRESS ،
_c1994
300 _a242 P
650 0 4 _aASIA
650 0 4 _aINTERNATIONAL RELATIONS
650 0 4 _aDIPLOMACY, HISTORY
650 0 4 _aARAB WORLD
942 _2ddc
_cBK
999 _c10894
_d10894